<?xml version="1.0" encoding="UTF-8"?>
<record
    xmlns:xsi="http://www.w3.org/2001/XMLSchema-instance"
    xsi:schemaLocation="http://www.loc.gov/MARC21/slim http://www.loc.gov/standards/marcxml/schema/MARC21slim.xsd"
    xmlns="http://www.loc.gov/MARC21/slim">

  <leader>01653nabaa22002177a 4500</leader>
  <datafield tag="999" ind1=" " ind2=" ">
    <subfield code="c">6153</subfield>
    <subfield code="d">6153</subfield>
  </datafield>
  <controlfield tag="003">OSt</controlfield>
  <controlfield tag="005">20260123194243.0</controlfield>
  <controlfield tag="008">190701b        xxu||||| |||| 00| 0 spa d</controlfield>
  <datafield tag="040" ind1=" " ind2=" ">
    <subfield code="c">PJ</subfield>
  </datafield>
  <datafield tag="100" ind1=" " ind2=" ">
    <subfield code="9">3697</subfield>
    <subfield code="a">Massimino, Leonardo</subfield>
  </datafield>
  <datafield tag="245" ind1="1" ind2="0">
    <subfield code="a">Responsabilidad del Estado por la dilaci&#xF3;n indebida de los procedimientos administrativos /</subfield>
    <subfield code="c">Leonardo Massimino.</subfield>
  </datafield>
  <datafield tag="300" ind1=" " ind2=" ">
    <subfield code="a">p. 64-77</subfield>
  </datafield>
  <datafield tag="500" ind1=" " ind2=" ">
    <subfield code="a">Cita: TR LALEY AR/DOC/3180/2023 </subfield>
  </datafield>
  <datafield tag="505" ind1=" " ind2=" ">
    <subfield code="a"> Sumario: I. Planteo.&#x2014; II. Los casos de aplicaci&#xF3;n. Ejemplos.&#x2014; III. El derecho a una buena administraci&#xF3;n. Una administraci&#xF3;n eficiente.&#x2014; IV. Los antecedentes en la actividad judicial. Caso "Poggio".&#x2014; V. La responsabilidad por dilaci&#xF3;n de la actividad administrativa. Replanteo.&#x2014; VI. Los presupuestos b&#xE1;sicos de la atribuci&#xF3;n de responsabilidad del Estado por demora indebida en la actuaci&#xF3;n administrativa.&#x2014; VII. La responsabilidad de los funcionarios y empleados por da&#xF1;os que por sus hechos, actos u omisiones generen a la hacienda p&#xFA;blica.&#x2014; VIII. El funcionamiento anormal del servicio. La falta personal de los funcionarios.&#x2014; IX. El da&#xF1;o resarcible.&#x2014; X. Los diferentes perjuicios y costos derivados de la dilaci&#xF3;n de los procedimientos administrativos.&#x2014; XI. A modo de conclusi&#xF3;n. </subfield>
  </datafield>
  <datafield tag="505" ind1=" " ind2=" ">
    <subfield code="t">&#xBF;Te interesa el texto completo? Comunicate al correo: koha@justierradelfuego.gov.ar</subfield>
  </datafield>
  <datafield tag="650" ind1=" " ind2="0">
    <subfield code="9">211</subfield>
    <subfield code="a">DERECHO ADMINISTRATIVO</subfield>
  </datafield>
  <datafield tag="650" ind1=" " ind2="0">
    <subfield code="9">1215</subfield>
    <subfield code="a">RESPONSABILIDAD DEL ESTADO</subfield>
  </datafield>
  <datafield tag="650" ind1=" " ind2="0">
    <subfield code="9">1135</subfield>
    <subfield code="a">PROCEDIMIENTO ADMINISTRATIVO</subfield>
  </datafield>
  <datafield tag="773" ind1="0" ind2=" ">
    <subfield code="0">2842</subfield>
    <subfield code="9">3251</subfield>
    <subfield code="d">Buenos Aires : AbeledoPerrot, 2012-</subfield>
    <subfield code="o">DA121</subfield>
    <subfield code="t">Derecho administrativo. N&#xBA; 151 enero/febrero 2024</subfield>
    <subfield code="z">18510590</subfield>
  </datafield>
  <datafield tag="942" ind1=" " ind2=" ">
    <subfield code="2">udc</subfield>
    <subfield code="c">ANA</subfield>
  </datafield>
</record>
